Report of chief of Bureau of Safety covering investigation of accident which occurred on Alabama Great Southern Railroad, Southern Railroad Lines West, near Trussville, Ala., Feb. 15, 1920.

Bibliographic Details
Corporate Author: Alabama Great Southern Railroad Company
Format: Government Document eBook
Language:English
Published: Washington : [publisher not identified], 1920.
Subjects:
Online Access:Connect to the full text of this electronic document

MARC

Tag First Indicator Second Indicator Subfields
LEADER 00000cam a22000001a 4500
001 in00003802004
005 20190408183725.0
006 m o d f
007 cr bn mmmapmmp
008 040322s1920 dcu o f000 0 eng d
035 |a ebd1910407387 
040 |a UMI  |c UMI  |d UtOrBLW 
086 0 |a IC 1acci.5:T 770 
099 |a IC1.57-5.144 
245 0 0 |a Report of chief of Bureau of Safety covering investigation of accident which occurred on Alabama Great Southern Railroad, Southern Railroad Lines West, near Trussville, Ala., Feb. 15, 1920. 
264 1 |a Washington :  |b [publisher not identified],  |c 1920. 
300 |a 1 online resource (13 pages) 
336 |a text  |b txt  |2 rdacontent 
337 |a computer  |b c  |2 rdamedia 
338 |a online resource  |b cr  |2 rdacarrier 
500 |a Record is based on bibliographic data in ProQuest U.S. Executive Branch Documents, 1910-1932. Reuse except for individual research requires license from ProQuest, LLC. 
533 |a Electronic reproduction.  |b [Bethesda, Md.] :  |c ProQuest,  |d 2012.  |e digital, PDF file.  |n ProQuest U.S. Executive Branch Documents, 1910-1932.  |n Mode of access: World Wide Web via ProQuest website. 
538 |a System requirements: PDF reader software. 
500 |a Electronic resource. 
650 0 |a Railroad accidents.  |0 http://id.loc.gov/authorities/subjects/sh85110906 
651 0 |a Trussville (Ala.)  |0 http://id.loc.gov/authorities/names/n81131888 
655 7 |a Electronic books.  |2 local 
710 2 |a Alabama Great Southern Railroad Company.  |0 http://id.loc.gov/authorities/names/n86134538 
776 1 8 |i Microfiche version:  |t Report of chief of Bureau of Safety covering investigation of accident which occurred on Alabama Great Southern Railroad, Southern Railroad Lines West, near Trussville, Ala., Feb. 15, 1920  |o CIS US Exec MF IC1.57-5.144  |w (ProQuest)cis19144253 
856 4 0 |u http://proxy.library.tamu.edu/login?url=http://congressional.proquest.com/congressional/docview/t66.d71.ic1.57-5.144  |z Connect to the full text of this electronic document  |t 0 
999 f f |s a832719b-db29-3d41-a420-b614a55a7ad0  |i 9a1748b9-1dc2-38c9-9cb3-6345cb8b9db6  |t 0 
952 f f |a Texas A&M University  |b College Station  |c Electronic Resources  |d Available Online  |t 0  |h No information provided 
998 f f |t 0  |l Available Online